عز يز ا حمد :بچو ں کے نا و ل نگا ر (Record no. 176097)

MARC details
000 -LEADER
fixed length control field 00743nam a22001937a 4500
005 - DATE AND TIME OF LATEST TRANSACTION
control field 20201105154321.0
010 ## - LCCN (DPL NO)
LC control number UR-10920
020 ## - INTERNATIONAL STANDARD BOOK NUMBER
Terms of availability 80.00
International Standard Book Number 9789389733556
035 ## - SYSTEM CONTROL NUMBER
System control number U-9475
037 ## - SOURCE OF ACQUISITION
Source of stock number/acquisition DBAD/PUB
082 ## - DEWEY DECIMAL CLASSIFICATION NUMBER
Classification number 840.8
100 ## - MAIN ENTRY--PERSONAL NAME
Personal name منا ظر عا شق ہر گا نو ی
245 ## - TITLE STATEMENT
Title عز يز ا حمد :بچو ں کے نا و ل نگا ر
Statement of responsibility, etc منا ظر عا شق ہر گا نو ی
246 ## - VARYING FORM OF TITLE
Remainder of title Aziz Ahmed : Bachchon Ke Novel Nigar (Urdu)
Title proper/short title by Manazir Ashiq Harganvi
260 ## - PUBLICATION, DISTRIBUTION, ETC. (IMPRINT)
Place of publication, distribution, etc N.Delhi
Name of publisher, distributor, etc Educational Publishing House
Date of publication, distribution, etc 2020 ء
270 ## - ADDRESS
Address H.O.D1/16,Ansari Road,Darya ganj,
City N.Delhi
Postal code 110002
Telephone number 45678285,23216162
Fax number 0091-11-23211540
300 ## - PHYSICAL DESCRIPTION
Extent 64 ص
Dimensions 22 Cm(Hb)
942 ## - ADDED ENTRY ELEMENTS (KOHA)
Source of classification or shelving scheme Dewey Decimal Classification
Item type Urdu Bks
Classification part 840.8
Call number suffix م ن ا
Holdings
Withdrawn status Lost status Not for loan Collection code Home library Current library Date acquired Source of acquisition Cost, normal purchase price Full call number Barcode Copy number Cost, replacement price Koha item type
      Non-fiction D.B.Act.Division D.B.Act.Division 05/11/2020 DBAD/PUB 80.00 840.8 م ن ا U-9475 1 80.00 Urdu Bks

© Delhi Public Library
Hit Counter
free hit counter